| 000 | 01438nam a22002417a 4500 | ||
|---|---|---|---|
| 999 |
_c57652 _d57652 |
||
| 003 | Ge_BSU | ||
| 005 | 20200825140446.0 | ||
| 008 | 200825s2012 ge ||||| |||| 00| 0 geo d | ||
| 041 | _ageo | ||
| 080 | _a340.12(075.8) ლ-77 | ||
| 100 |
_aლობჟანიძე, გივი, ავტორი. _99330 |
||
| 245 |
_aშესავალი სამართლის ფილოსოფიაში : _b[სახელმძღვ. იურიდ. ფაკ. სტუდ.] / _cგივი ლობჟანიძე, ავთანდილ ტუკვაძე, გიორგი ჯაოშვილი ; [რედ.: ოთარ გამყრელიძე, გერონტი შუშანაშვილი]. |
||
| 264 |
_aთბ., _c2006. |
||
| 300 |
_a271 გვ. ; _b20 სმ. |
||
| 504 | _aბიბლიოგრ. ტექსტ. შენიშვნ. და გვ. 260-267. | ||
| 653 | _a სამართლის ფილოსოფია | ||
| 653 | _aსამართალი | ||
| 700 |
_aტუკვაძე, ავთანდილ _eავტორი _96697 |
||
| 700 |
_aჯაოშვილი, გიორგი _eავტორი _99331 |
||
| 700 |
_aგამყრელიძე, ოთარ _eრედაქტორი _92834 |
||
| 700 |
_aშუშანაშვილი, გერონტი _eრედაქტორი _9385 |
||
| 942 |
_2udc _cBK |
||